| 000 | 00496nam a22001817a 4500 | ||
|---|---|---|---|
| 003 | OSt | ||
| 005 | 20260407045117.0 | ||
| 008 | 260407b |||||||| |||| 00| 0 eng d | ||
| 020 | _a9718837205 | ||
| 040 |
_aDWCL GS lib _cOC |
||
| 082 | _a808.87 M3571 1999 | ||
| 100 | _aMarquez, Vic | ||
| 245 |
_aLaffingly Yours, _cVic Marquez |
||
| 260 |
_aCebu City _bRSO TRADING _cc1999. |
||
| 300 |
_a123 pages: _billustrations _c12cm. |
||
| 546 | _aEnglish | ||
| 942 |
_2ddc _cBK-0 CIRC _hRes.(Fil.) _n0 |
||
| 999 |
_c9312 _d9312 |
||